000 00592nmm a2200193Ia 4500
008 251105s9999||||xx |||||||||||||||||und||
020 _a9786071601742
041 _aspa
100 _aGottschalk, Maren
245 0 _aReinas :
_b Cinco soberanas y sus biografías
264 _a[México D.C., Mexico] :
_bFondo de Cultura Económica,
_c2012
300 _a167 páginas
490 _aA Través del Espejo
650 _aTeen & Young Adult Non Fiction
700 _aGottschalk, Maren
700 1 _a Arruti, Ofelia
856 _uhttps://public.digitaliapublishing.com/a/43128
942 _cCF
999 _c66416
_d66416